Исследование электромагнитного поля привода гироскопа с массивным стальным ротором; Космическое приборостроение

Detalhes bibliográficos
Parent link:Космическое приборостроение.— 2014.— [С. 145-147]
Autor principal: Плеханов М. С.
Autor Corporativo: Национальный исследовательский Томский политехнический университет
Outros Autores: Голиков А. Н. Алексей Никандрович (научный руководитель)
Resumo:Заглавие с титульного экрана
Idioma:russo
Publicado em: 2014
Colecção:Электронные системы и устройства в космическом приборостроении
Assuntos:
Acesso em linha:http://www.lib.tpu.ru/fulltext/c/2014/C22/041.pdf
Formato: Recurso Electrónico Capítulo de Livro
KOHA link:https://koha.lib.tpu.ru/cgi-bin/koha/opac-detail.pl?biblionumber=605752

MARC

LEADER 00000naa2a2200000 4500
001 605752
005 20251128141129.0
035 |a (RuTPU)RU\TPU\conf\3064 
035 |a RU\TPU\conf\3062 
090 |a 605752 
100 |a 20140429d2014 k y0rusy50 ca 
101 0 |a rus 
102 |a RU 
105 |a y z 101zy 
135 |a drnn ---uucaa 
181 0 |a i  
182 0 |a b 
200 1 |a Исследование электромагнитного поля привода гироскопа с массивным стальным ротором  |f М. С. Плеханов  |g науч. рук. А. Н. Голиков 
203 |a Текст  |c электронный 
225 1 |a Электронные системы и устройства в космическом приборостроении 
300 |a Заглавие с титульного экрана 
320 |a [Библиогр.: с. 146-147 (5 назв.)] 
337 |a Adobe Reader 
463 0 |0 (RuTPU)RU\TPU\conf\2833  |t Космическое приборостроение  |o сборник научных трудов II Всероссийского форума школьников, студентов, аспирантов и молодых ученых с международным участием, г. Томск, 10-12 апреля 2014 г.  |f Национальный исследовательский Томский политехнический университет (ТПУ)  |v [С. 145-147]  |d 2014 
610 1 |a труды учёных ТПУ 
610 1 |a электронный ресурс 
610 1 |a электромагнитные поля 
610 1 |a приводы 
610 1 |a гироскопы 
610 1 |a роторы 
700 1 |a Плеханов  |b М. С. 
702 1 |a Голиков  |b А. Н.  |c специалист в области точного приборостроения  |c доцент Томского политехнического университета  |c выпускник ТПИ 1973 г.  |f 1949-  |g Алексей Никандрович  |4 727  |9 12271 
712 0 2 |a Национальный исследовательский Томский политехнический университет  |c (2009- )  |9 26305 
801 2 |a RU  |b 63413507  |c 20140429  |g RCR 
856 4 |u http://www.lib.tpu.ru/fulltext/c/2014/C22/041.pdf 
942 |c BK